Normal view
MARC view
- Blew, Mary Clearman,
Entry Personal Name
001 - CONTROL NUMBER
- control field: 153615
003 - CONTROL NUMBER IDENTIFIER
- control field: DLC
005 - DATE AND TIME OF LATEST TRANSACTION
- control field: 20260413155131.0
008 - FIXED-LENGTH DATA ELEMENTS
- fixed length control field: 860326n| azannaabn |a aaa c
010 ## - LIBRARY OF CONGRESS CONTROL NUMBER
- LC control number: n 85342310
035 ## - SYSTEM CONTROL NUMBER
- System control number: (OCoLC)oca01550320
040 ## - CATALOGING SOURCE
- Original cataloging agency: NjP
- Language of cataloging: eng
- Description conventions: rda
- Transcribing agency: DLC
- Modifying agency: DLC
- Modifying agency: OCoLC
- Modifying agency: DLC
- Modifying agency: UPB
046 ## - SPECIAL CODED DATES
- Birth date: 1939
053 #0 - LC CLASSIFICATION NUMBER
- Classification number element--single number or beginning number of span: PS3552.L46
100 1# - HEADING--PERSONAL NAME
- Personal name: Blew, Mary Clearman,
- Dates associated with a name: 1939-
370 ## - ASSOCIATED PLACE
- Place of birth: Montana
- Place of residence/headquarters: Idaho
372 ## - FIELD OF ACTIVITY
- Field of activity: English language
- Field of activity: English literature
- Source of term: lcsh
373 ## - ASSOCIATED GROUP
- Associated group: University of Idaho
- Start period: 1994
- Source of term: naf
373 ## - ASSOCIATED GROUP
- Associated group: Lewis-Clark State College
- Source of term: naf
374 ## - OCCUPATION
- Occupation: College teachers
- Source of term: lcsh
375 ## - GENDER
- Gender: female
400 1# - SEE FROM TRACING--PERSONAL NAME
- Control subfield: nne
- Personal name: Clearman, Mary,
- Dates associated with a name: 1939-
670 ## - SOURCE DATA FOUND
- Source citation: Lambing out, and other stories, 1977:
- Information found: t.p. (Mary Clearman)
670 ## - SOURCE DATA FOUND
- Source citation: LC in RLIN, 2-21-86
- Information found: (hdg.: Clearman, Mary, 1939- )
670 ## - SOURCE DATA FOUND
- Source citation: Runaway, c1990:
- Information found: t.p. (Mary Clearman Blew) p. 4 of cover (teaches at Lewis-Clark State College, Lewiston, Idaho)
670 ## - SOURCE DATA FOUND
- Source citation: Mary Clearman Blew papers, 1977
- Information found: (Mary Clearman Blew, born 1939 in Montana, teaches English at the University of Idaho since 1994)



